000 00912nam a2200205 a 4500
008 120416s1988 ||||||||||||||||| || u
020 _a0074518763
050 _aTH 438 Rai
100 _aRaina, V. K
245 1 0 _aConstruction and management practice
246 _athe inside story
260 _aNew Delhi
_bTata McGraw-Hill
_c1988
300 _axi, 79p. : ill.
350 _a0.00
650 _aCONSTRUCTION
650 _aCONSTRUCTION MANAGEMENT
995 _aBINDERY (DAMAGED)
_D0.00
_e724411
_FCBU-MAIN LIBRARY (Kitwe)
_H1
_I0.00
_jTH 438 Rai
_M1
_UDAMAGED
_y016143
_ZMain Library Open Access Collection
995 _aANNEX COLLECTION (Main Library)
_D0.00
_e724413
_FCBU-MAIN LIBRARY (Kitwe)
_H3
_I0.00
_jTH 438 Rai
_M3
_UAVAILABLE
_y016145
_ZAnnex Low-Usage Collection
995 _aBINDERY (DAMAGED)
_D0.00
_e724412
_FCBU-MAIN LIBRARY (Kitwe)
_H2
_I0.00
_jTH 438 Rai
_M2
_UDAMAGED
_y016144
_ZMain Library Open Access Collection
999 _c79764
_d79764